|
|
|
|
| LEADER |
00670nam a2200193 i 4500 |
| 001 |
misc58060 |
| 005 |
20210608192653.0 |
| 008 |
210608s1923 hu o 0|| hun d |
| 040 |
|
|
|a SZTE Miscellanea Repozitórium
|b hun
|
| 041 |
|
|
|a hun
|
| 100 |
1 |
|
|a Varga Jenő
|
| 245 |
1 |
0 |
|a Varga Jenő költeményei
|h [elektronikus dokumentum] :
|b Turul /
|c Varga Jenő
|
| 260 |
|
|
|a Koroknay-kiadás
|b Szeged, Magyarország
|c 1923
|
| 300 |
|
|
|a 160 p.
|c 22 cm
|
| 650 |
|
4 |
|a Bölcsészettudományok
|
| 650 |
|
4 |
|a Nyelvek és irodalom
|
| 650 |
|
4 |
|a Általános irodalomtudományok
|
| 695 |
|
|
|a Magyar irodalom - vers
|
| 856 |
4 |
0 |
|u http://misc.bibl.u-szeged.hu/58060/1/xb_196879.pdf
|z Dokumentum-elérés
|